Catálogo

COMUNICACIÓN ORAL (Registro nro. 28277)

Detalles MARC
000 -LEADER
fixed length control field 00450nam a2200181 a 4500
001 - CONTROL NUMBER
control field 28277
005 - DATE AND TIME OF LATEST TRANSACTION
control field 20180713231133.0
008 - FIXED-LENGTH DATA ELEMENTS--GENERAL INFORMATION
fixed length control field 140415s2004 000 0 spa d
020 ## - INTERNATIONAL STANDARD BOOK NUMBER
International Standard Book Number 9701042840
041 ## - LANGUAGE CODE
Language code of text/sound track or separate title spa
082 ## - DEWEY DECIMAL CLASSIFICATION NUMBER
Classification number 302.2231
Item number MCE
100 1# - MAIN ENTRY--PERSONAL NAME
Personal name EILEEN, MCENTEC
245 10 - TITLE STATEMENT
Title COMUNICACIÓN ORAL
250 ## - EDITION STATEMENT
Edition statement 2° EDICIÓN
260 ## - PUBLICATION, DISTRIBUTION, ETC.
Place of publication, distribution, etc. [s.l.] :
Name of publisher, distributor, etc. MC GRAW HILL,
Date of publication, distribution, etc. 2004
300 ## - PHYSICAL DESCRIPTION
Extent 159
Dimensions 22 x 2.05 x 28
520 ## - SUMMARY, ETC.
Summary, etc. RP
Existencias
Withdrawn status Lost status Source of classification or shelving scheme Damaged status Not for loan Collection code Home library Current library Shelving location Date acquired Source of acquisition Total Checkouts Full call number Barcode Date last seen Price effective from Koha item type
    Dewey Decimal Classification     General Tehuacán Tehuacán Sala general 03/12/2013 Compra   302.2231 MCE 501825 08/01/2025 03/12/2013 Libro